000 00618nam a2200217Ia 4500
003 OSt
005 20220926044624.0
006 a|||||r|||| 00| 0
007 ta
008 220923b |||||||| |||| 00| 0 eng d
037 _cGeneral Book
040 _aRTL
_cRTL
_beng
041 _2eng
_aeng
082 _aX9(J94).8.N55t4, J6/GD
110 _aIndia, Sugar Delegation to Australia & Indonesia
_9349232
245 0 _aReport
260 _c1956
700 _aIndia, Sugar Delegation to Australia & Indonesia
_9349233
942 _hX9(J94).8.N55t4, J6/GD
_cGB
_2CC
999 _c675339
_d675339